The Legend of Zelda:Ocarina of Time Quiz - Statistics

General Stats
  • This quiz has been taken 1,950 times
    1,751 since last reset
  • The average score is 20 of 40
Answer Stats
Hint Answer % Correct
Who is the guardian of the forest? The Great Deku Tree
91%
Who gives you the Light Arrows? Princess Zelda
89%
What species does Link think he is at the beginning of the game? Kokiri
88%
Who has the Triforce of Wisdom? Princess Zelda
88%
Who is Zelda's caretaker? Impa
82%
How much does a deku shield cost? 40 Rupees
77%
What song can you learn in the mill in Kakariko Village? Song of Storms
75%
What is the name of the girl at Lon Lon Ranch? Malon
69%
What is the first song you learn? Zelda's Lullaby
66%
What sequence of numbers do you need to know to reach Queen Gohma? 2, 3, 1
63%
Who has the Triforce of Power? Ganondorf
63%
Who is the boss of Dodongo's Cavern? King Dodongo
63%
Who is the guardian God of the Zoras? Lord Jabu-Jabu
63%
Who has the Triforce of Courage? Link
62%
What fairy boy blocks your path more than once? Mido
60%
What do you get if you shoot an arrow into the sun? Fire Arrows
56%
With which sword do you "deliver the final blow" Master Sword
56%
What do you need in order to get into the Water Temple? Iron Boots
53%
What game is a Direct Sequel to Ocarina of Time? Majora's Mask
51%
What is the first enemy you fight? Deku Baba
48%
What item lets you see invisible things? Lens of Truth
47%
Who gives you the hookshot? Dampe
45%
Who is the boss of the Fire Temple? Volvagia
45%
Who is the Sage of Light? Rauru
44%
Where do you retrieve the Ocarina of Time? Moat
43%
What is the spiritual stone of fire called? Goron's Ruby
40%
What mask do you give to the guard in Kakariko Village? Keaton Mask
38%
What song teleports you to the Shadow Temple? Nocturne of Shadow
38%
What power does the Great Fairy near Hyrule Castle give you? Din's Fire
37%
Who are the prisoners of the Gerudo? Carpenters
34%
Who is the Sage of Spirit? Nabooru
32%
What is hidden behind the waterfall in Zora's Domain? Piece of Heart
31%
What is the Goron special crop? Bomb Flowers
30%
Who are the mini bosses of the Forest Temple? Poe Sisters
27%
What are the names of the Twinrova Sisters? Kotake and Koume
24%
Where is Ganondorf sent to after he is defeated? Sacred Realm
23%
What is the name of the dog you need to find in Hyrule Town Centre? Richard
20%
Where can you find Ingo as a kid? Stables
20%
How much does the heaviest fish you can catch weigh? 35 Pounds
3%
In your menu, what is displayed underneath your bomb bag? Goron Bracelet
2%
No matching quizzes found
Score Distribution
Percent of People with Each Score
Percentile by Number Answered
Your Score History
You have not taken this quiz since the last reset